[Event "Foment Martinenc op-C 23rd"]
[Site "Barcelona"]
[Date "2023.06.10"]
[Round "8"]
[White "Salinas Rodriguez, Jose"]
[Black "Garcia Huerta, Joaquin Marc"]
[Result "1-0"]
[WhiteElo "1285"]
[BlackElo "1402"]
[PlyCount "143"]
[EventDate "2023.04.22"]
[EventType "swiss"]
[EventRounds "9"]
[EventCountry "ESP"]
[SourceTitle "EXT 2024"]
[Source "ChessBase"]
[SourceDate "2023.10.10"]
[SourceVersion "1"]
[SourceVersionDate "2023.10.10"]
[SourceQuality "1"]

1. e4 e5 2. Nf3 Nf6 3. Nxe5 d6 4. Nf3 Nxe4 5. Qe2 Qe7 6. d3 Nf6 7. Bg5 Qxe2+ 8. Bxe2 Be7 9. 0-0 h6 10. Bxf6 Bxf6 11. d4 Bg4 12. Nbd2 Nd7 13. Rfe1 0-0 14. h3 Bh5 15. c3 a5 16. d5 Ne5 17. Nxe5 Bxe5 18. Bxh5 b5 19. Be2 a4 20. Nf3 Bf6 21. Bxb5 a3 22. Nd4 Bxd4 23. cxd4 axb2 24. Rab1 Rxa2 25. Kh2 Rb8 26. Re8+ Rxe8 27. Bxe8 Kf8 28. Bc6 Ke7 29. g4 Kf6 30. Kg3 g5 31. f3 Kg6 32. Be8 Ra8 33. Bd7 Ra2 34. Bf5+ Kf6 35. Kf2 h5 36. Ke2 h4 37. Kd2 Ra1 38. Rxb2 Rh1 39. Ke3 Rxh3 40. Rc2 Rg3 41. Rh2 Ke7 42. Kf2 c5 43. dxc5 dxc5 44. Rg2 c4 45. Rxg3 hxg3+ 46. Kxg3 Kd6 47. Be4 Ke5 48. Kf2 c3 49. Ke2 c2 50. Kd2 c1Q+ 51. Kxc1 Kd6 52. Kd2 Kc5 53. Kd3 Kd6 54. Kd4 f6 55. Bf5 Kc7 56. Kc5 Kd8 57. Kd6 Ke8 58. Ke6 Kd8 59. Kxf6 Ke8 60. Kxg5 Kf7 61. Kf4 Ke7 62. Ke5 Kf7 63. d6 Ke8 64. Ke6 Kd8 65. g5 Ke8 66. g6 Kf8 67. d7 Kg7 68. d8Q Kh6 69. Qe7 Kh5 70. g7 Kh6 71. g8R Kh5 72. Qh7# 1-0